| 000 | 00802cab a2200253 4500 | ||
|---|---|---|---|
| 001 | ABS45767 | ||
| 008 | 090401t1992 xxu||||| |||| 00| 0 eng d | ||
| 035 | _a(Sirsi) u54961 | ||
| 041 | _aeng | ||
| 100 | _aBetts, M. | ||
| 245 | _aConsultant cost control in the Pacific Rim | ||
| 260 | _c1992 | ||
| 350 | _a0 | ||
| 490 |
_aCost Engineering _v34(1) January 1992, 17-24(8) |
||
| 520 | _aApplies theories of cost control to the burgeoning economies of Hong Kong, South Korea, Taiwan and Singapore, looking closely at one particular system and refering to a project as a case study. | ||
| 650 | _aCOST ESTIMATES | ||
| 650 | _aEVEREST PROGRAM | ||
| 650 | _aFEEDBACK | ||
| 650 | _aRIPAC | ||
| 690 | _aOVERSEAS-REST OF THE WORLD | ||
| 700 | _aGunner, J. | ||
| 942 | _n0 | ||
| 948 | _c04/03/1997 | ||
| 999 |
_c33646 _d33646 |
||